000 00633nam a2200133 a 4500
001 000046284
005 20201002052748.0
008 150715s1981 dr a 000 0 spa d
040 _aDO-SdBNP
_bspa
_cBNPHU
245 0 0 _aDocumento a ser presentado en el segundo pleno de dirigentes del Movimiento Socialista de los Trabajadores por un grupo de renunciantes :
_bNuestra posición ante una política errada en el Movimiento Socialista de los Trabajadores.
246 1 3 _aCritica a la política del Movimiento de los Trabajadores
260 _aSanto Domingo :
_bMovimiento Socialista de los Trabajadores,
_c1981.
300 _a28 p. ;
_c21 cm.
999 _c45773
_d45773